Mots qui contiennent un double F (click quiz) - Statistiques

Statistiques générales
  • Ce quiz a été pris 40 fois
  • Le résultat moyen est 4 sur 8
Statistiques - réponses
Hint Réponse % Correct
Souffflante 2
82%
Tarifffer 1
71%
Blufffer 2
71%
Afffocal 1
68%
Sufffragette 2
65%
Rufffian 2
44%
Soufffre Les deux
18%
Afffin Les deux
15%
Aucun quiz correspondant
Distribution des résultats
% des personnes avec chaque résultat
Percentile par nombre de réponses
Votre historique - résultats
Vous n’avez pas pris ce quiz